00448 2200169 4500001002100000005001500021035002000036245004500056100002100101250000600122300001800128260006000146082001600206084002200222020001800244650001600262INLIS00000000000203020250320011258 a0010-03250000751 akiti dan balon udara /ccholidatul, dewi1 acholidatul, dewi a1 a24 ;c21 x 29 aBogor :bbadan pengembangan dan pembinaan bahasa,c2021 a398.209 598 a398.209 598 CHO k a9786233071444 4acerita anak